| 000 | 02371nam a22002537a 4500 | ||
|---|---|---|---|
| 001 | EIF-VII-2009-M4-012 | ||
| 003 | OSt | ||
| 005 | 20221220065814.0 | ||
| 008 | 221220b |||||||| |||| 00| 0 eng d | ||
| 040 |
_aFundación Jesús Pereda _cFundación Jesús Pereda |
||
| 041 | _aCastellano | ||
| 100 |
_uUniversidad Pontificia de Salamanca _aSánchez Blanco, Laura _9585 |
||
| 111 |
_aEncuentro de Investigadores del Franquismo _c(Santiago de Compostela. _d2009. _n7º) _999 |
||
| 245 |
_aLas instituciones de auxilio social a examen. _bLas críticas de la Confederación Católica de Padres de Familia _f1938 _c/Laura Sánchez Blanco, José Manuel Alfonso Sánchez y Eulalia Torrubia Balagué |
||
| 520 | _aEn el año 1938, la Confederación Católica de Padres de Familia acusó a la Delegación Nacional de Auxilio Social de permitir que los niños y las niñas convivieran juntos en sus instituciones, de mantenerlos alejados de las familias y de retenerlos en los comedores para recibir asistencia religiosa. Tales acusaciones fueron remitidas a Franco, sin previa consulta a la organización de Auxilio Social. Pero la Asesoría Técnica Nacional de Auxilio Social se hizo con el escrito y elaboró un informe para defenderse de las críticas. El informe no fue publicado pues, según se recoge en el mismo, podía tener consecuencias políticas. Éste se envió confidencialmente a la Delegación Nacional de Auxilio Social con el fin de tener los argumentos necesarios para desmentir tales acusaciones. El contenido del informe se analiza en la presente comunicación para conocer las causas que llevaron a este enfrentamiento, los argumentos de Auxilio Social para desmentir tales acusaciones y demostrar que sus instituciones funcionaban de acuerdo con el sentido católico y falangista del Estado franquista. | ||
| 610 | 0 |
_9586 _aConfederación Nacional de Padres de Familia y Padres de Alumnos (CONCAPA) |
|
| 650 | 0 |
_9188 _aEducación |
|
| 650 | 0 |
_9265 _aAcción social |
|
| 700 |
_uUniversidad Pontificia de Salamanca _aAlfonso Sánchez, José Manuel _9587 |
||
| 700 |
_uUniversidad Pontificia de Salamanca _aTorrubia Balagué, Eulalia _9588 |
||
| 773 |
_tActas del VII Encuentro de Investigadores del Franquismo _g314-321 p. |
||
| 856 | _uhttps://bibliotecaccoocyl.fundacionjesuspereda.es/cgi-bin/koha/opac-retrieve-file.pl?id=ee02dbea374fe461426c2270eff4795e | ||
| 942 |
_2ddc _cCF _n0 |
||
| 999 |
_c387 _d387 |
||